Carregant...

THE SIXTH SENSE

Dades bibliogràfiques
Autor principal: BHAT,D.N.S
Format: Printed Book
Publicat: T INTERNATIONAL SCHOOL OF DRAVIDIAN LINGUSTICS 1982
Matèries:
LEADER 00419nam a2200169 4500
020
082
100 |a BHAT,D.N.S 
245 |a THE SIXTH SENSE  |h English 
250
260 |a T  |b INTERNATIONAL SCHOOL OF DRAVIDIAN LINGUSTICS  |c 1982 
300 |a 105 p  |f HB 
650 |a THE SIXTH SENSE 
700
942 |c TB 
999 |c 149864  |d 149864 
952 |0 0  |1 0  |4 0  |7 0  |9 163324  |a ORI  |b ORI  |l 0  |p ORI1392/E  |r 2019-10-25  |w 2019-10-25  |y TB